Star Wars: The Mandalorian Season 2 Trivia - Statistics

General Stats
  • This quiz has been taken 765 times
  • The average score is 12 of 25
Answer Stats
Hint Answer % Correct
What is the Mandalorian's real name? Din Djarin
94%
What is the Child's real name? Grogu
70%
What is Mandalorian armor made of? Beskar
68%
What original Trilogy character returned to take back his own Mandalorian armor? Boba Fett
67%
What female Mandalorian character from the animated television series arrived with two companions to rescue the Mandalorian and Child? Bo Katan Kryze
65%
The child was eating something important that their passenger was carrying with her in a special tank. What was it that the Child kept eating? eggs
64%
The character is on a quest to take back what from Moff Gideon? the Dark Saber
64%
Who did he buy his Mandalorian armor from? jawas
63%
The female Mandalorian character told Mando how he could find a Jedi knight. Who did she direct him to find? Ahsoka Tano
61%
Where did that Jedi make her first appearance in Star Wars? The Clone Wars
61%
Who is the marshal of Mos Pelgo? Cobb Vanth
49%
What kind of large animal does this character need help to hunt down and kill? krayt dragon
48%
The Mandalorian received a gift from the Jedi made of that material. What was it? a spear
47%
Who comes to the rescue at the end of the last episode? Luke Skywalker
47%
What type of imperial soldier captured the Child? Dark Troopers (3rd generation)
45%
That character was accompanied by an assassin that was thought to have been killed in season one. Who was the assassin? Fennec Shand
44%
What gets destroyed by a blast from Moff Gideon's ship in the episode titled "The Tragedy?" The Razor Crest
42%
The rebel phoenix tattoo on Cara's cheek shows that she is a survivor of what atrocity? (Just name the place that was destroyed in the answer.) Alderaan
35%
What actress played the live action version of her? Rosario Dawson
34%
What actor is seen looking out at the twin suns at the end of the first episode, teasing which original trilogy character would make an appearance later in the season? Temuera Morrison
30%
In what starship does the Mandalorian escape from the Imperial mining station in the penultimate episode of the season? the Slave One
28%
What nickname does that former sharpshooter make up on the spot for the Mandalorian when they are questioned by an Imperial officer? Brown Eyes
22%
What former imperial sharp shooter does Mando enlist the help of in order to find the Child? Miggs Mayfeld
21%
What actress played that character? Katee Sackhoff
19%
Who played this character? Timothy Olyphant
19%
No matching quizzes found
Score Distribution
Percent of People with Each Score
Percentile by Number Answered
Your Score History
You have not taken this quiz